01281nam a2200325 a 4500001001100000003000800011006001900019007001500038008004100053010001700094020004000111020003500151040002100186035002000207050002700227082001200254100002000266245007800286260004400364300001500408490003700423504006800460533015200528600003200680655002900712710001700741830005500758856012500813999001700938ebr5001411CaPaEBRm u cr cn|||||||||980224s1998 enk sb 001 0 eng  z 98013838  z0415021979 (hardcover : alk. paper) z0415137861 (pbk. : alk. paper) aCaPaEBRcCaPaEBR a(OCoLC)4956934414aB2430.D484bH63 1998eb04a1942211 aHobson, Marian.10aJacques Derridah[electronic resource] :bopening lines /cMarian Hobson. aLondon ;aNew York :bRoutledge,c1998. axv, 288 p.1 aCritics of the twentieth century aIncludes bibliographical references (p. [269]-278) and indexes. aElectronic reproduction.bPalo Alto, Calif. :cebrary,d2013.nAvailable via World Wide Web.nAccess may be limited to ebrary affiliated libraries.10aDerrida, JacquesxLanguage. 7aElectronic books.2local2 aebrary, Inc. 0aCritics of the twentieth century (London, England)40uhttp://site.ebrary.com/lib/rucke/Doc?id=5001411zAn electronic book accessible through the World Wide Web; click to view c16174d16174